000 00847nam0a2200277 4500
001 RU\NLR\bibl\1513300
005 20250616024024.0
010 _a978-5-7024-2568-9
_925000
021 _aRU
_b2010-26394
_91775
035 _a(NLR Aleph) 001504686
090 _a42260
_c42260
100 _a20100519d2010 |||y0rusy50 ca
101 1 _arus
_cund
102 _aRU
105 _ay |||||||||
200 1 _aЖребий судьбы
_eроман
_e[перевод]
_fРонда Бэйс
210 _aМосква
_cПанорама
_d2010
215 _a189, [1] с.
_d17
225 1 _aПанорама романов о любви
_v10-074
686 _aШ6(4Вл)67-440.4{Лх1299-50}
700 1 _aБэйс
_bР.
_gРонда
_4070
801 0 _aRU
_bNLR
_c20100519
_gRCR
801 1 _aRU
_bNLR
_c20100519
942 _cBOOK
980 _aNB